• 首页
  • 本馆介绍
  • 公告通知
  • 最新文献
  • 馆藏检索
  • 电子资源
  • 读者导购
  • 参考咨询
  • 我的图书馆
  • 登录
  • 详细信息显示
  • 放入我的书架
  • 预约/预借图书
  • 作者相关作品
  • 分类相关作品
  • 丛书相关作品
  • 出版社相关作品

书目信息

  • 表格格式
  • 工作单格式
  • 卡片格式
题名:
测土配方施肥技术及应用
    
 
作者: 杨首乐 , 李平 , 黎涛 主编
分册:  
出版信息: 北京   中国农业出版社  2016.07
页数: 248页
开本: 23cm
丛书名:
单 册:
中图分类: S158.2 , S147.2
科图分类:
主题词: 土壤肥力--tu rang fei li--测定--技术培训--教材 , 施肥--shi fei--配方--技术培训--教材
电子资源:
ISBN: 978-7-109-22294-6
000 01146nam0 2200289 450
001 0106081819
005 20201106082044.0
010    @a978-7-109-22294-6@dCNY36.00
100    @a20181129e20202016em y0chiy50 ea
101 0  @achi
102    @aCN@b110000
105    @ak z 000yy
106    @ar
200 1  @a测土配方施肥技术及应用@Ace tu pei fang shi fei ji shu ji ying yong@f杨首乐, 李平, 黎涛主编
210    @a北京@c中国农业出版社@d2016.07@h2020.04
215    @a248页@d23cm
300    @a新型职业农民培育工程规划教材
330    @a本书介绍了测土配方施肥技术理论基础、肥料效应田间试验与基本情况调查、土壤与作物样品的采集与测试、肥料配方设计、作物专用配方肥料施用、测土配方施肥技术总结与评估等内容,并重点介绍了测土配方施肥技术在主要粮食作物、经济作物、果树、蔬菜等37种作物上的应用。
606 0  @a土壤肥力@Atu rang fei li@x测定@x技术培训@j教材
606 0  @a施肥@Ashi fei@x配方@x技术培训@j教材
690    @aS158.2@v5
690    @aS147.2@v5
701  0 @a杨首乐@Ayang shou le@c(女,@f1964~)@4主编
701  0 @a李平@Ali ping@4主编
701  0 @a黎涛@Ali tao@4主编
801  0 @aCN@bBJSZM@c20201106
905    @b1192120-3@dS158.2@e122@f4
    
    测土配方施肥技术及应用/杨首乐, 李平, 黎涛主编.-北京:中国农业出版社,2016.07(2020.04)
    248页;23cm
    新型职业农民培育工程规划教材
    
    ISBN 978-7-109-22294-6:CNY36.00
    本书介绍了测土配方施肥技术理论基础、肥料效应田间试验与基本情况调查、土壤与作物样品的采集与测试、肥料配方设计、作物专用配方肥料施用、测土配方施肥技术总结与评估等内容,并重点介绍了测土配方施肥技术在主要粮食作物、经济作物、果树、蔬菜等37种作物上的应用。
●
相关链接 在E读中查询图书 在五车中查询图书 在当当中查询图书 在豆瓣中查询图书


正题名:测土配方施肥技术及应用     索取号:S158.2/122         预约/预借

序号 登录号 条形码 馆藏地/架位号 状态 备注
1 1192120   211921205   第二样本阅览室/ [索取号:S158.2/122] 在馆    
2 1192121   211921214   第三借阅区/ [索取号:S158.2/122] 在馆    
3 1192122   211921223   第三借阅区/ [索取号:S158.2/122] 在馆    
4 1192123   211921232   第三借阅区/ [索取号:S158.2/122] 在馆    
唐山师范学院图书馆 欢迎您!
大连网信软件有限公司© 版权所有